Cargando…

Water in Times of Climate Change : A Values-driven Dialogue /

"This book on water and climate change goes beyond the usual and predictable analyses, by bringing religion and values into a discussion that is often dominated by technocratic solutions. The three case studies of Jakarta, Cape Town, and Amsterdam demonstrate the challenges of water management...

Descripción completa

Detalles Bibliográficos
Otros Autores: IJmker, Elisabeth (Editor ), Hasselaar, Jan Jorrit (Editor )
Formato: Electrónico eBook
Idioma:Inglés
Publicado: Amsterdam : Amsterdam University Press B.V., [2021]
Colección:Book collections on Project MUSE.
Temas:
Acceso en línea:Texto completo

MARC

LEADER 00000cam a22000004a 4500
001 musev2_97550
003 MdBmJHUP
005 20230905053241.0
006 m o d
007 cr||||||||nn|n
008 211207s2021 ne o 00 0 eng d
020 |a 9789048555383 
040 |a MdBmJHUP  |c MdBmJHUP 
245 0 0 |a Water in Times of Climate Change :   |b A Values-driven Dialogue /   |c edited by Jan Jorrit Hasselaar, Elisabeth IJmker. 
264 1 |a Amsterdam :  |b Amsterdam University Press B.V.,  |c [2021] 
264 3 |a Baltimore, Md. :  |b Project MUSE,   |c 0000 
264 4 |c ©[2021] 
300 |a 1 online resource:   |b illustrations (chiefly color). 
336 |a text  |b txt  |2 rdacontent 
337 |a computer  |b c  |2 rdamedia 
338 |a online resource  |b cr  |2 rdacarrier 
506 0 |a Open Access  |f Unrestricted online access  |2 star 
520 |a "This book on water and climate change goes beyond the usual and predictable analyses, by bringing religion and values into a discussion that is often dominated by technocratic solutions. The three case studies of Jakarta, Cape Town, and Amsterdam demonstrate the challenges of water management in urban areas and the role religion can play in addressing them. With representatives from science, politics, economics, and religion, as well as young voices, the book stimulates a values-driven dialogue on issues of water in times of climate change."--PRovided by publisher. 
588 |a Description based on print version record. 
650 7 |a POLITICAL SCIENCE / Public Policy / City Planning & Urban Development  |2 bisacsh 
650 7 |a Water-supply  |x Management.  |2 fast  |0 (OCoLC)fst01172390 
650 7 |a Water  |x Religious aspects.  |2 fast  |0 (OCoLC)fst01171487 
650 0 |a Water-supply  |x Management. 
650 0 |a Water  |x Religious aspects. 
655 7 |a Electronic books.   |2 local 
700 1 |a IJmker, Elisabeth,  |e editor. 
700 1 |a Hasselaar, Jan Jorrit,  |e editor. 
710 2 |a Project Muse.  |e distributor 
830 0 |a Book collections on Project MUSE. 
856 4 0 |z Texto completo  |u https://projectmuse.uam.elogim.com/book/97550/